000 00660cam a2200193 i 4500
005 20251108170507.0
008 250721s2002 jo a gr 000 0 ara d
020 _a9957240110
082 1 4 _a005.133
_bه ا ن
100 1 _aبني هاني، تحسين
_eمؤلف.
245 1 0 _aالبرمجة بلغة أوراكل ;
_cالمهندس تحسين بني ياسين.
250 _aالطبعة الاولى.
264 1 _aعمان :
_bدار الصفاء للنشر و التوزيع،
_c2002.
300 _a161 صفحة.
650 1 7 _aلغات البرمجة.
650 1 7 _aالحواسيب.
942 _2ddc
_cBK
999 _c41839
_d41839